LEADER 01180nam a2200217 4500 001 000000353905 003 CaOOAMICUS 005 20230522094953.0 008 230522s1953 it 000 u ita r 040 $aSeMil$bita 100 1 $aClerici, Edoardo.$0(OLS)http://semarc/name/48848 245 10$aPrerogative del Capo dello Stato e responsabilitā ministeriali :$ba proposito della legge sulla Corte Costituzionale (membri di nomina del Capo dello Stato) /$cEdoardo Clerici. 264 1$aRoma :$bTipografia della Camera dei Deputati,$c1953. 300 $a21 p. ;$c22 cm 500 $aDiscorsi pronunciati alla Camera dei Deputati nelle sedute del 19 e del 26 febbraio 1953 650 4$aDiscorsi politici.$0(OLS)http://semarc/subject/23166 850 $aSeMil 852 $aSeMil$W1$xVenegono$y1$m5A IV 4/16$j240650$B245110$CSeMilBibl$Z2$F245110 $81 996 $6245$aPrerogative del Capo dello Stato e responsabilitā ministeriali :$ba proposito della legge sulla Corte Costituzionale (membri di nomina del Capo dello Stato)$9(OLS)http://semarc/title/444050 996 $6264$aRoma :$bTipografia della Camera dei Deputati$9(OLS)http://semarc/publisher/38847 LEADER 00792nam a2200217 i 4500 001 000000223776 003 CaOOAMICUS 005 20131018000000.0 008 131018s1792 it u000 u fre u 013 $a202674 026 $a2.8. y.e- c.e, Lema (3) 1792 (A) 040 $aSeMil$bita 245 10$aTome 99. 300 $a[4], 315, [1] p. 500 $aContiene : Lettres de m. Voltaire et de m. D'Alembert. 1772-1778. 773 0 $aVoltaire <1694-1778>$tOeuvres completes de m. de Voltaire. Tome 1. [-100.].$dA Lyon : Chez J. B. Delamolličre, 1791-1792.$g99$w()28886 850 $aSeMil 852 $aSeMil$W1$xVenegono$y1$m2Q I 179 FA$j174122$B174122$CSeMilBibl$Z2$F184309 $8I 941 1 $a10 961 $aRecupero: Mantegazza 996 $6245$aTome 99$9(OLS)http://semarc/title/320869